South Eastern Kenya University

Library Online Public Access Catalogue


Managing managed care : (Record no. 14853)

MARC details
000 -LEADER
fixed length control field 01522cam a2200325 a 4500
001 - CONTROL NUMBER
control field 1651270
003 - CONTROL NUMBER IDENTIFIER
control field OSt
005 - DATE AND TIME OF LATEST TRANSACTION
control field 20160530130859.0
008 - FIXED-LENGTH DATA ELEMENTS--GENERAL INFORMATION
fixed length control field 970108s1997 dcua b 001 0 eng c
010 ## - LIBRARY OF CONGRESS CONTROL NUMBER
LC control number 97002004
020 ## - INTERNATIONAL STANDARD BOOK NUMBER
International Standard Book Number 030905642X
040 ## - CATALOGING SOURCE
Original cataloging agency SEKU
043 ## - GEOGRAPHIC AREA CODE
Geographic area code n-us---
050 00 - LIBRARY OF CONGRESS CALL NUMBER
Classification number RC 480.5
Item number .M3
060 10 - NATIONAL LIBRARY OF MEDICINE CALL NUMBER
Classification number WM 30 M2666 1997
082 00 - DEWEY DECIMAL CLASSIFICATION NUMBER
Classification number 362.2/0973
Edition number 21
100 ## - MAIN ENTRY--PERSONAL NAME
Personal name Edmunds, Margaret. ...[et al.]
245 00 - TITLE STATEMENT
Title Managing managed care :
Remainder of title quality improvements in behavioral health /
Statement of responsibility, etc. Margaret Edmunds ... [et al.], editors ; Committee on Quality Assurance and Accreditation Guidelines for Managed Behavioral Health Care, Division of Neuroscience and Behavioral Health [and] Division of Health Care Services, Institute of Medicine.
260 ## - PUBLICATION, DISTRIBUTION, ETC. (IMPRINT)
Place of publication, distribution, etc. Washington, D.C. :
Name of publisher, distributor, etc. National Academy Press,
Date of publication, distribution, etc. 1997.
300 ## - PHYSICAL DESCRIPTION
Extent xxi, 370 p. :
Other physical details ill. ;
Dimensions 24 cm.
504 ## - BIBLIOGRAPHY, ETC. NOTE
Bibliography, etc Includes bibliographical references and index.
650 #0 - SUBJECT ADDED ENTRY--TOPICAL TERM
Topical term or geographic name as entry element Managed mental health care
Geographic subdivision United States
General subdivision Quality control.
650 #0 - SUBJECT ADDED ENTRY--TOPICAL TERM
Topical term or geographic name as entry element Managed mental health care
General subdivision Accreditation
Geographic subdivision United States.
650 12 - SUBJECT ADDED ENTRY--TOPICAL TERM
Topical term or geographic name as entry element Mental Health Services
General subdivision organization & administration
Geographic subdivision United States.
650 22 - SUBJECT ADDED ENTRY--TOPICAL TERM
Topical term or geographic name as entry element Managed Care Programs
General subdivision organization & administration
Geographic subdivision United States.
650 22 - SUBJECT ADDED ENTRY--TOPICAL TERM
Topical term or geographic name as entry element Quality Assurance, Health Care
General subdivision standards
Geographic subdivision United States.
700 1# - ADDED ENTRY--PERSONAL NAME
Personal name Edmunds, Margaret.
710 2# - ADDED ENTRY--CORPORATE NAME
Corporate name or jurisdiction name as entry element Institute of Medicine (U.S.).
Subordinate unit Committee on Quality Assurance and Accreditation Guidelines for Managed Behavioral Health Care.
942 ## - ADDED ENTRY ELEMENTS (KOHA)
Source of classification or shelving scheme Library of Congress Classification
Koha item type General circulation
Holdings
Withdrawn status Lost status Source of classification or shelving scheme Damaged status Not for loan Home library Current library Shelving location Date acquired Source of acquisition Total Checkouts Full call number Barcode Date last seen Price effective from Koha item type Public note
    Library of Congress Classification     Main Campus Library Main Campus Library General Stacks 30/05/2016 Donation - Books for Africa   RC 480.5 .M3 2016/018812 30/05/2016 30/05/2016 General circulation stv
Kitui, Kenya.
+254736116989
library@seku.ac.ke